We Are The People - Empire Of The Sun (all lyrics) - Statistics

General Stats
  • This quiz has been taken 116 times
  • The average score is 270 of 362
Answer Stats
Answer % Correct
I
99%
We
99%
we
99%
a
97%
A
97%
are
96%
Are
96%
can
94%
Can
94%
the
94%
The
94%
you
91%
You
91%
people
90%
leave
87%
me
87%
now,
87%
now?
87%
can't
86%
Can't
86%
gonna
86%
know
83%
When
83%
be
82%
every
82%
in
79%
your
79%
do
78%
world
78%
rule
77%
think
77%
you're
75%
try
74%
well
74%
But
73%
about
70%
everything
69%
remember
68%
that
68%
us
68%
an
65%
December
64%
city
61%
for
61%
For
61%
lights
61%
and
60%
eyes
60%
believing
58%
girl
56%
boy
53%
Swimming
53%
It
52%
lost
48%
of
48%
each
45%
got
45%
other
45%
again
42%
All
42%
from
40%
Heading
38%
it's
38%
summer
38%
where
38%
'75
36%
Like
36%
feeling
35%
Lie
35%
life
35%
stronger
35%
times
35%
drips
34%
Love
32%
Take
32%
was
32%
force
31%
1975
30%
running
30%
rejoicing
29%
adventure
27%
visualise
26%
sand
25%
share
25%
shock
25%
humanize?
23%
sun
23%
eleven,
22%
lemon
22%
lived
22%
Reminiscing
22%
hit
21%
night
19%
scent
17%
energised
16%
farther
16%
Nearer
14%
than
14%
till
13%
we'd
13%
Followed
12%
still
12%
No matching quizzes found
Score Distribution
Percent of People with Each Score
Percentile by Number Answered
Your Score History
You have not taken this quiz